000 00455 a2200157 4500
020 _a0070241503
090 _c2472
_d2472
100 1 0 _aGrauer, Robert T.
245 1 0 _aMicrocomputer applications
_c/ Robert Grauer, Paul Sugrue.
250 _a3rd ed.
260 0 _aNew York
_b: Mitchell McGraw-Hill
_c, c1991.
300 _axxiii, 551 p.
_b: ill. (some col.)
_c; 26 cm.
650 0 _aMicrocomputers.
700 1 0 _aSugrue, Paul K.
942 _cBK
_k005.4469 GRA
999 _c6398
_d6398